000 00299nam a22001217a 4500
020 _a0-07-065433-6
082 _a624.17 TUM'H
100 _aTUMA, JAN J
_93085
245 _aHANDBOOK OF STRUCTURAL AND MECHANICAL MATERIALS
260 _aNEWYORK
_bMCGRAW HILL
_c1987
300 _aX,556P
942 _cBK
999 _c575444
_d575444